skbl

Dr Suryya Kumar Bhuyan Library Web-OPAC
ডঃ সূৰ্য্য
কুমাৰ ভূঞা পুথিভঁৰাল ৱেব-অ'পেক

All Research Scholars are advised to clear the annual library fees to continue using Library Resources, Remote Access, Plagiarism Test and Library Clearance.

Cotton University Book Fair 2026

Mechanics of Sediment Transportation and Alluvial Stream Problems / (Record no. 7409)

MARC details
000 -LEADER
fixed length control field 00873nam a2200313Ia 4500
001 - CONTROL NUMBER
control field 7422
005 - DATE AND TIME OF LATEST TRANSACTION
control field 20240113234015.0
007 - PHYSICAL DESCRIPTION FIXED FIELD--GENERAL INFORMATION
fixed length control field ta
008 - FIXED-LENGTH DATA ELEMENTS--GENERAL INFORMATION
fixed length control field 050705s2000 g b000 u eng u
020 ## - INTERNATIONAL STANDARD BOOK NUMBER
International Standard Book Number 81-224-1270-X
040 ## - CATALOGING SOURCE
Original cataloging agency Cotton College,Assam
041 ## - LANGUAGE CODE
Language code of text/sound track or separate title eng
082 ## - DEWEY DECIMAL CLASSIFICATION NUMBER
Classification number 553
Item number Ga 16 Me
100 ## - MAIN ENTRY--PERSONAL NAME
Personal name Garde , R.J. .
245 #0 - TITLE STATEMENT
Title Mechanics of Sediment Transportation and Alluvial Stream Problems /
Statement of responsibility, etc. R.J. Garde & K.G. Ranga Raju.
Medium Textual Documents
250 ## - EDITION STATEMENT
Edition statement 3rd ed. /
260 ## - PUBLICATION, DISTRIBUTION, ETC.
Place of publication, distribution, etc. New Delhi :
Name of publisher, distributor, etc. New Age International ( P ) Limited ,
Date of publication, distribution, etc. 2000.
300 ## - PHYSICAL DESCRIPTION
Extent xxi, 686p. ;
Dimensions 24cm.
504 ## - BIBLIOGRAPHY, ETC. NOTE
Bibliography, etc. note Index
653 ## - INDEX TERM--UNCONTROLLED
Uncontrolled term Geology
653 ## - INDEX TERM--UNCONTROLLED
Uncontrolled term Sediment transportation
653 ## - INDEX TERM--UNCONTROLLED
Uncontrolled term Alluvial Stream
653 ## - INDEX TERM--UNCONTROLLED
Uncontrolled term Rocks
653 ## - INDEX TERM--UNCONTROLLED
Uncontrolled term PG-Geology
700 ## - ADDED ENTRY--PERSONAL NAME
Personal name Ranga Raju, K.G. .
942 ## - ADDED ENTRY ELEMENTS (KOHA)
Source of classification or shelving scheme Dewey Decimal Classification
Koha item type Books
Holdings
Withdrawn status Lost status Damaged status Not for loan Collection Home library Current library Date acquired Coded location qualifier Total checkouts Full call number Barcode Date last seen Copy number Price effective from Koha item type
          Dr. Suryya Kumar Bhuyan Library Dr. Suryya Kumar Bhuyan Library 01/02/2012 00000   553 Ga 16 Me 569/Geol 13/01/2024 1 01/02/2012 Books

Designed and Maintained by Team SKBL
©1901-2026

Powered by Koha